00356nam a2200121Ia 4500003000400000005001700004008004100021040001800062041000800080100004300088245006800131260003500199OSt20260120162803.0211028s2014 xx 000 0 und d cAIMIT LIBRARY aeng aSheikh, Riya; Pereira, Divya.g1216105 aStudy on the employee attrition with reference to diya system / aMangalorebDivya Pereirac2014